APEC Schools

Charles Darwin : Victorian mythmaker / (Record no. 8958)

000 -LEADER
fixed length control field nam a22 7a 4500
005 - DATE AND TIME OF LATEST TRANSACTION
control field 20200331073755.0
008 - FIXED-LENGTH DATA ELEMENTS--GENERAL INFORMATION
fixed length control field 200331b xxu||||| |||| 00| 0 eng d
020 ## - IDENTIFIER FOR THE MANIFESTATION
Identifier for the Manifestation 9780062433497
Binding hard bound
040 ## - CATALOGING SOURCE
Language of Cataloging eng
Transcribing Agency APEC Schools Library
Description Conventions rda
082 ## - DEWEY DECIMAL CLASSIFICATION NUMBER
Classification number C 576.82092
Author's Number W746c 2017
100 ## - CREATOR
Preferred Name of the Person Wilson, A.N.
245 ## - TITLE AND STATEMENT OF RESPONSIBILITY
Preferred Title Proper Charles Darwin : Victorian mythmaker /
Statement of Responsibility/Parallel Statement of Responsibility A.N. Wilson
264 ## - PUBLICATION STATEMENT
Place of publication, distribution, etc New York, NY :
Publisher's Name/Parallel Publisher's Name HarperCollins,
Copyright ©2017.
300 ## - PHYSICAL DESCRIPTION
Extent 438 pages :
Illustrative Content colored illustrations ;
336 ## - RDA CONTENT
Source rdacontent
Content Type text
337 ## - RDA MEDIA
Source rdamedia
Media Type unmediated
338 ## - RDA CARRIER
Source rdacarrier
Carrier Type volume
504 ## - BIBLIOGRAPHY, ETC. NOTE
Bibliography, etc Includes bibliographical references and index.
600 ## - ADDED SUBJECT ACCESS POINT - PERSONAL NAME
Preferred Name of the Person Darwin, Charles,
Dates Associated with the Person 1809-1882.
650 ## - ADDED SUBJECT ACCESS POINT - TOPICAL TERM
Topical Term Naturalists.
651 ## - ADDED SUBJECT ACCESS POINT - GEOGRAPHIC NAME
Topical Term Great Britain.
942 ## - ADDED ENTRY ELEMENTS (KOHA)
Source of Classification
Koha Item Type Non Fiction
Holdings
Library Site Location Shelving Location Source of Acquisition Full Classification Number Accession Number Koha Item Type
APEC C. Raymundo Library APEC C. Raymundo Library Circulation Institutional Fund C 576.82092 W746c 2017 A07-0000414 Non Fiction

Powered by Koha